Waste water microbiology (Record no. 3910)

MARC details
000 -LEADER
fixed length control field 00451nam a22001577a 4500
008 - FIXED-LENGTH DATA ELEMENTS--GENERAL INFORMATION
fixed length control field 250620b |||||||| |||| 00| 0 eng d
020 ## - INTERNATIONAL STANDARD BOOK NUMBER
ISBN 9789387938441
100 ## - MAIN ENTRY--AUTHOR
Author Bergey D.H.
245 ## - TITLE STATEMENT
Title Waste water microbiology
250 ## - EDITION STATEMENT
Edition statement 2nd
260 ## - PUBLICATION, DISTRIBUTION, ETC. (IMPRINT)
Place of publication New delhi
Name of publisher Vinod Kumar Jain, scientific international (pvt.) ltd.
Date of publication 2019
300 ## - COLLATION
Pagination xx, 647p.
Other physical details ill.
650 ## - TRACINGS
Main Subject Water-microbiology
Subdivision (1st) Sawafe-microbiology
942 ## - ADDED ENTRY ELEMENTS (KOHA)
Item type Books
050 ## - LIBRARY OF CONGRESS CALL NUMBER
Classification number QR48
Item number .B47
Holdings
Source of classification or shelving scheme Not for loan Permanent location Current location Date acquired Accession No. Full call number Barcode. Koha item type
Library of Congress Classification   Environmental Sciences Library Environmental Sciences Library 06/20/2025 2025/65007 QR48.B47 2025-2597 Books